00522nam a22001697a 450000500170000000800410001704000070005824500130006525000330007849000240011152001440013565000120027965000120029165000190030365000140032265000160033620250519134846.0250519b |||||||| |||| 00| 0 eng d cDO aCheetahs aDecember 1999 Vol. 196 No. 6 aNational Geographic aCheetahs-Ghosts of the Grasslands, Florida Keys: Pradise With Attitude, Ancient Greece, Geographic Century, The Brothers Grimm, Survey 2000 xCHEETAH xFLORIDA xANCIENT GREECE xGEOGRAPHY xFAIRY TALE